Biggest Chinese Cities Starting with N - Statistics

General Stats
  • This quiz has been taken 12 times
  • The average score is 9 of 20
Answer Stats
Population Province City % Correct
7,519,814 Jiangsu Nanjing
100%
4,582,703 Guangxi Nanning
100%
3,518,975 Jiangxi Nanchang (City)
92%
916,463 Jiangxi Nanchang (County)
92%
3,731,203 Zhejiang Ningbo
92%
2,987,600 Jiangsu Nantong
83%
4,365,947 Taiwan New Taipei
67%
1,407,616 Henan Nanyang
58%
1,254,455 Sichuan Nanchong
50%
683,732 Sichuan Neijiang
25%
936,897 Fujian Nan'an
17%
348,987 Chongqing Nanchuan
17%
425,499 Fujian Ningde
17%
759,080 Hunan Ningxiang
17%
367,146 Sichuan Nanbu
8%
344,965 Jiangxi Ningdu
8%
437,960 Zhejiang Ninghai
8%
342,341 Hebei Ningjin
8%
340,612 Shandong Ningyang
8%
328,055 Hunan Ningyuan
0%
No matching quizzes found
Score Distribution
Percent of People with Each Score
Percentile by Number Answered
Your Score History
You have not taken this quiz